Histoire de l'Europe par lettre - C - Statistiques

Statistiques générales
  • Ce quiz a été pris 293 fois
  • Le résultat moyen est 11 sur 20
Statistiques - réponses
Indice Réponse % Correct
Général romain conquérant de la Gaule Jules César
97%
Idéologie d'extrême-gauche qui se développe au XIXème siècle, adoptée par la Russie après la Révolution d'Octobre Communisme
96%
Empereur d'occident, sa capitale était Aix-la-Chapelle Charlemagne
90%
Premier ministre britannique très controversé, en place pendant la seconde guerre mondiale Winston Churchill
90%
Grand château de François Ier Chambord
77%
Nom de sa dynastie Carolingiens
76%
Réformateur français lié à la ville de Genève, un courant du protestantisme porte son nom Jean Calvin
73%
Sa chute en 1453 est parfois considérée comme mettant fin au Moyen-Âge Constantinople
72%
Célèbre opéra de Georges Bizet Carmen
66%
Du nom de son initiateur, substitution du modèle héliocentrique au modèle géocentrique Révolution {copernicienne}
63%
Auteur espagnol de Don Quichotte Miguel de Cervantes
57%
Peintre italien de la Renaissance Le {Caravage}
47%
Empereur romain mettant fin aux persécutions envers les chrétiens Constantin
43%
Orateur et philosophe romain du premier siècle avant JC, connu notamment pour avoir déjoué le complot de Catilina Cicéron
42%
Émirat omeyyade en place dans le sud de l'Espagne entre 756 et 929 Émirat de {Cordoue}
42%
Révolutionnaire anglais renversant la monarchie en 1649, et qualifié plus tard de tyran lui-même Oliver Cromwell
30%
Courant artistique moderne, sa musique est particulièrement célèbre Classicisme
25%
Ces foires françaises comptaient parmi les plus importantes d'Europe au Moyen-Âge Foires de {Champagne}
22%
Lourde défaite romaine des guerres puniques, une des batailles les plus sanglantes de leur histoire Cannes
11%
Dernière bataille de la guerre de cent ans Castillon
8%
Aucun quiz correspondant
Distribution des résultats
% des personnes avec chaque résultat
Percentile par nombre de réponses
Votre historique - résultats
Vous n’avez pas pris ce quiz